Rozpoznaj reprezentację po piłkarzu #1 - Statystyki

Ogólne statystyki
  • Ten quiz został rozwiązany 27 razy
  • Średni wynik to 11 z 15
Statystyki odpowiedzi
Piłkarz Państwo % Poprawnych
Michał Pazdan Polska
100%
Matvey Safonov Rosja
88%
Jhon Durán Kolumbia
85%
Victor Boniface Nigeria
85%
Alex Meret Włochy
85%
Ramy Bensebaini Algieria
81%
Estêvão Brazylia
81%
Žan Karničnik Słowenia
81%
Tajon Buchanan Kanada
77%
Willian Pacho Ekwador
73%
Chris Wood Nowa Zelandia
73%
Alexander Bah Dania
54%
Ronny Bardghji Szwecja
50%
Karim Onisiwo Austria
46%
Gabriel Suazo Chile
46%
Nie znaleziono quizów pasujących do podanych kryteriów
Rozkład punktacji
Procent ludzi z każdym wynikiem
Percentyl według liczby udzielonych odpowiedzi
Twoja historia wyników
Nie rozwiązałeś tego quizu